The Artist´s touch, the Craftsman´s hand (Record no. 6942)

MARC details
000 -CABECERA
campo de control de longitud fija 01383nam a2200301 a 4500
001 - NÚMERO DE CONTROL
campo de control BRCA_7262
005 - FECHA Y HORA DE LA ÚLTIMA TRANSACCIÓN
campo de control 20190320205755.0
008 - DATOS DE LONGITUD FIJA--INFORMACIÓN GENERAL
campo de control de longitud fija 270112s2011----cc-a######---#000-0#eng-#
020 ## - NÚMERO INTERNACIONAL ESTÁNDAR DEL LIBRO
Número Internacional Estándar del Libro 9781883124328
041 ## - CÓDIGO DE LENGUA
Código de lengua del texto/banda sonora o título independiente eng
044 ## - CÓDIGO DEL PAÍS DE LA ENTIDAD EDITORA/PRODUCTORA
Código MARC del país cc
050 #4 - SIGNATURA TOPOGRÁFICA DE LA BIBLIOTECA DEL CONGRESO
Número de clasificación NE1321.8
Número de documento/Ítem .A78 2011
245 10 - MENCIÓN DE TÍTULO
Título The Artist´s touch, the Craftsman´s hand
Resto del título three centuries of Japanese prints from the Portland Art Museum
Mención de responsabilidad, etc. Maribeth Graybill, editor ; essays by John T. Carpenter ... [et al.].
260 ## - PUBLICACIÓN, DISTRIBUCIÓN, ETC.
Lugar de publicación, distribución, etc. China
Nombre del editor, distribuidor, etc. Portland Art Museum
Fecha de publicación, distribución, etc. 2011
300 ## - DESCRIPCIÓN FÍSICA
Extensión 348 p.
Otras características físicas il. a color
Dimensiones 32 cm.
500 ## - NOTA GENERAL
Nota general Incluye lista de obra en japonés, glosario y cronología de los períodos históricos japoneses
500 ## - NOTA GENERAL
Nota general Catálogo de la exposición realizada en el Museo de Arte de Portland (Portland, Oregon), 1 octubre, 2011 - 22 enero, 2012
500 ## - NOTA GENERAL
Nota general Estado físico: encuadernado, enero 2013
504 ## - NOTA DE BIBLIOGRAFÍA, ETC.
Nota de bibliografía, etc. Bibliografía: p. 345-348
610 24 - PUNTO DE ACCESO ADICIONAL DE MATERIA--NOMBRE DE ENTIDAD CORPORATIVA
Nombre de entidad corporativa o nombre de jurisdicción como elemento de entrada Portland Art Museum
Subdivisión de forma Catálogos
Subdivisión geográfica Oregón (Estados Unidos)
9 (RLIN) 2222
650 14 - PUNTO DE ACCESO ADICIONAL DE MATERIA--TÉRMINO DE MATERIA
Término de materia o nombre geográfico como elemento de entrada Grabados en color Japoneses
Subdivisión de forma Exposiciones
Subdivisión cronológica Período Edo, 1600-1868
9 (RLIN) 17982
650 14 - PUNTO DE ACCESO ADICIONAL DE MATERIA--TÉRMINO DE MATERIA
Término de materia o nombre geográfico como elemento de entrada Grabados en color Japoneses
Subdivisión de forma Exposiciones
Subdivisión cronológica Período Meiji, 1868-1912
9 (RLIN) 17983
650 14 - PUNTO DE ACCESO ADICIONAL DE MATERIA--TÉRMINO DE MATERIA
Término de materia o nombre geográfico como elemento de entrada Ukiyo-e
Subdivisión de forma Exposiciones
9 (RLIN) 17984
650 14 - PUNTO DE ACCESO ADICIONAL DE MATERIA--TÉRMINO DE MATERIA
Término de materia o nombre geográfico como elemento de entrada Grabados en color
Subdivisión de forma Exposiciones
Subdivisión geográfica Oregon
9 (RLIN) 17985
700 1# - PUNTO DE ACCESO ADICIONAL--NOMBRE DE PERSONA
Nombre de persona Graybill, Maribeth
Término indicativo de función/relación ed.
9 (RLIN) 17986
700 1# - PUNTO DE ACCESO ADICIONAL--NOMBRE DE PERSONA
Nombre de persona Carpenter, John T.
9 (RLIN) 17987
942 ## - ELEMENTOS DE PUNTO DE ACCESO ADICIONAL (KOHA)
Fuente del sistema de clasificación o colocación Library of Congress Classification
Tipo de ítem Koha Libros
Holdings
Estado de retiro Estado de pérdida Estado dañado No para préstamo Localización permanente Ubicación/localización actual Fecha de adquisición Total de préstamos Signatura topográfica completa Código de barras Fecha visto por última vez Precio válido a partir de Tipo de ítem Koha
El ejemplar forma parte de la colección y puede ser consultado según las políticas vigentes.       Biblioteca del Museo Franz Mayer (Rogerio Casas-Alatriste) Biblioteca del Museo Franz Mayer (Rogerio Casas-Alatriste) 27/01/2012   NE1321.8 .A78 2011 02671 22/03/2019 22/03/2019 Libros